| 000 | 01698nam a2200373I 4500 | ||
|---|---|---|---|
| 001 | 12712 | ||
| 003 | BD-RjUL | ||
| 005 | 20211208235338.0 | ||
| 008 | 720713s1967 enkao b 001 0 eng | ||
| 035 | _aMITb10480638 | ||
| 035 | _a(BD-RjUL)12762 | ||
| 035 | _aGLIS00480638 | ||
| 040 |
_aDLC _cAKR _dSER _dOCL _dXBM _dRCD _dBD-RjUL _beng |
||
| 041 | _aeng | ||
| 082 |
_a569.096782 _bOLD 1967 _223 |
||
| 090 |
_aGN776.T3 _bL435 |
||
| 099 | _aGN776.T3.L435 | ||
| 245 | 0 | 0 |
_aOlduvai Gorge / _cedited by L. S. B. Leakey. _p |
| 260 |
_aCambridge [England] : _bUniversity Press , _cc1967. |
||
| 300 |
_aV. p. : _bill. ; _c28 cm. |
||
| 500 | _aVol. 4- has imprint: Cambridge [England] ; New York : Cambridge University Press. | ||
| 504 | _aIncludes bibliographical references and indexes. | ||
| 505 | 1 | _av. 1. A preliminary report on the geology and fauna / by L.S.B. Leakey, with contributions by P.M. Butler ... [et al.] -- v. 2. The cranium and maxillary dentition of Australopithecus (Zinjanthropus) Boisei / by P.V. Tobias -- v. 3. Excavations in beds I and II, 1960-1963 / by M.D. Leakey -- v. 4. The skulls, endocasts and teeth of Homo habilis / by P.V. Tobias. 2 pts. | |
| 650 | 0 |
_aStone age _zTanzania _zOlduvai Gorge. _939586 |
|
| 650 | 0 |
_aPaleontology _zTanzania _zOlduvai Gorge. _939587 |
|
| 650 | 0 |
_aFossil hominids _zTanzania _zOlduvai Gorge. _939588 |
|
| 651 | 0 |
_aOlduvai Gorge (Tanzania) _xAntiquities. _939589 |
|
| 651 | 0 |
_aTanzania _xAntiquities. _939590 |
|
| 700 | 1 |
_aLeakey, L. S. B. _q(Louis Seymour Bazett), _d1903-1972. _939591 |
|
| 700 | 1 |
_aLeakey, Mary D. _q(Mary Douglas), _d1913-1996. _939592 |
|
| 700 | 1 |
_aTobias, Phillip V. _939593 |
|
| 942 |
_2ddc _cBK |
||
| 999 |
_c12712 _d12712 |
||